[Event "World Junior Open 2015"]
[Site "Khanty-Mansiysk RUS"]
[Date "2015.09.02"]
[Round "1.23"]
[White "Barbot, Pierre1"]
[Black "Isaev, Chyngyz"]
[Result "1-0"]
[WhiteTitle "FM"]
[WhiteElo "2455"]
[BlackElo "2163"]
[WhiteFideId "663727"]
[BlackFideId "13801660"]
[EventDate "2015.09.02"]

1. d4 d5 2. c4 e6 3. Nc3 Be7 4. Nf3 Nf6 5. Bg5 O-O 6. e3 h6 7. Bxf6 Bxf6 8. Qd2
Nc6 9. O-O-O dxc4 10. Bxc4 e5 11. d5 Ne7 12. Rhg1 Nf5 13. g4 Nd6 14. Bb3 Qe7 15.
h4 e4 16. g5 Bxc3 17. Qxc3 h5 18. Nd4 g6 19. Kb1 Bf5 20. Rc1 Rfc8 21. Qa5 a6 22.
Rc2 Bg4 23. Rgc1 Ne8 24. Ba4 Bd7 25. Bb3 Bg4 26. a3 Rd8 27. Qc3 Rac8 28. Ba2 Qd6
29. Qb3 Rb8 30. Rc5 Qe7 31. Ka1 Rdc8 32. Qc2 Bf5 33. Nxf5 gxf5 34. d6 Nxd6 35.
g6 b6 36. gxf7+ Kf8 37. Qc3 Qxh4 38. Qh8+ Ke7 39. Rxc7+ 1-0

[Event "World Junior Open 2015"]
[Site "Khanty-Mansiysk RUS"]
[Date "2015.09.02"]
[Round "1.24"]
[White "Fontaine, Quentin"]
[Black "Arat, Ufuk Sezen"]
[Result "0-1"]
[BlackTitle "FM"]
[WhiteElo "2122"]
[BlackElo "2441"]
[WhiteFideId "230804"]
[BlackFideId "6309089"]
[EventDate "2015.09.02"]

1. d4 Nf6 2. c4 c6 3. Nf3 d5 4. e3 Bf5 5. cxd5 cxd5 6. Nc3 Nc6 7. Ne5 e6 8. g4
Bg6 9. h4 h5 10. Nxg6 fxg6 11. g5 Ng8 12. Bh3 Qd7 13. Bd2 Nge7 14. Ne2 Nf5 15.
Nf4 Qf7 16. Qb3 Bd6 17. Nxg6 Qxg6 18. Qxb7 O-O 19. Qxc6 Rac8 20. Qa4 Rc4 21. Qd7
Rc2 22. Rc1 Rxc1+ 23. Bxc1 Bb4+ 24. Bd2 Nxd4 25. O-O Nf3+ 26. Kh1 Nxd2 27. Bxe6+
Kh8 28. Rc1 Qe4+ 29. Kg1 Nf3+ 30. Kf1 Nxh4 31. Bxd5 Qxe3 0-1

[Event "World Junior Open 2015"]
[Site "Khanty-Mansiysk RUS"]
[Date "2015.09.02"]
[Round "1.25"]
[White "Laurusas, Tomas"]
[Black "Lootens, Matthias"]
[Result "1-0"]
[WhiteTitle "IM"]
[WhiteElo "2429"]
[BlackElo "1935"]
[WhiteFideId "12803731"]
[BlackFideId "218634"]
[EventDate "2015.09.02"]

1. c4 Nf6 2. Nc3 g6 3. d4 Bg7 4. g3 c5 5. d5 d6 6. Bg2 O-O 7. Nf3 e6 8. O-O Re8
9. dxe6 Bxe6 10. Ng5 Nc6 11. Nxe6 Rxe6 12. Bf4 Ne5 13. Qa4 Qb6 14. Qb5 Qc7 15.
Rad1 a6 16. Qxb7 Qxb7 17. Bxb7 Rb8 18. Bxa6 Rxb2 19. Rb1 Rc2 20. Rfc1 Rxc1+ 21.
Rxc1 Nh5 22. Bb5 Re7 23. Bg5 Ra7 24. a4 h6 25. Bd8 1-0

[Event "World Junior Open 2015"]
[Site "Khanty-Mansiysk RUS"]
[Date "2015.09.02"]
[Round "1.26"]
[White "Van Laeken, Jonathan"]
[Black "Studer, Noel"]
[Result "0-1"]
[BlackTitle "IM"]
[WhiteElo "1866"]
[BlackElo "2422"]
[WhiteFideId "228567"]
[BlackFideId "1319620"]
[EventDate "2015.09.02"]

1. d4 e6 2. c4 Bb4+ 3. Nc3 f5 4. Qc2 Nf6 5. a3 Bxc3+ 6. Qxc3 O-O 7. Nf3 d6 8. g3
a5 9. b3 b6 10. Bg2 Bb7 11. O-O Qe7 12. Bb2 Nbd7 13. b4 Be4 14. Rfd1 h6 15. Ne1
c5 16. e3 Rfc8 17. dxc5 bxc5 18. bxa5 Bxg2 19. Kxg2 Ne5 20. f3 Nc6 21. Qd3 Nxa5
22. Bc3 Rd8 23. Rdb1 d5 24. Bxa5 Rxa5 25. Qc3 Ra4 26. Qb3 Qa7 27. Qb6 Qxb6 28.
Rxb6 Rxc4 29. a4 d4 30. a5 d3 31. Nxd3 Rxd3 32. Rb8+ Kh7 33. a6 Rd2+ 34. Kg1
Rcc2 35. a7 Nd5 36. Re1 Nxe3 37. Rh8+ Kg6 0-1

[Event "World Junior Open 2015"]
[Site "Khanty-Mansiysk RUS"]
[Date "2015.09.02"]
[Round "1.27"]
[White "Ali Marandi, Cemil Can"]
[Black "El Fazari, Mohamed Amin"]
[Result "1-0"]
[WhiteTitle "IM"]
[WhiteElo "2422"]
[BlackElo "1832"]
[WhiteFideId "6300529"]
[BlackFideId "9002545"]
[EventDate "2015.09.02"]

1. Nf3 Nf6 2. g3 e6 3. Bg2 d5 4. O-O Be7 5. d3 O-O 6. Nbd2 c5 7. e4 Nc6 8. Re1
a5 9. a4 Qc7 10. e5 Nd7 11. Qe2 b6 12. Nf1 Ba6 13. c3 Rab8 14. h4 Qb7 15. N1h2
b5 16. axb5 Qxb5 17. Bf1 d4 18. c4 Qb6 19. h5 Nb4 20. g4 h6 21. g5 hxg5 22. Bxg5
Bxg5 23. Nxg5 Qd8 24. Nhf3 Bb7 25. Bg2 Bxf3 26. Nxf3 Qe7 27. Rxa5 f6 28. exf6
Rxf6 29. Qe4 1-0

[Event "World Junior Open 2015"]
[Site "Khanty-Mansiysk RUS"]
[Date "2015.09.02"]
[Round "1.28"]
[White "Chumak, Dmitrii"]
[Black "Loiseau, Quentin"]
[Result "0-1"]
[BlackTitle "IM"]
[WhiteElo "1808"]
[BlackElo "2419"]
[WhiteFideId "34106658"]
[BlackFideId "665274"]
[EventDate "2015.09.02"]

1. e4 c5 2. Nf3 e6 3. d4 cxd4 4. Nxd4 a6 5. Nc3 b5 6. Be2 Qc7 7. O-O Bb7 8. Bf3
d6 9. Re1 Nd7 10. Bg5 Ngf6 11. Bxf6 Nxf6 12. e5 dxe5 13. Bxb7 Qxb7 14. Rxe5 Rd8
15. Qf3 Qxf3 16. Nxf3 Bd6 17. Re2 Ke7 18. Rd1 b4 19. Nd4 bxc3 20. Nf5+ Kd7 21.
Rxd6+ Kc7 22. Rxd8 Rxd8 23. Ne3 cxb2 24. Re1 Rb8 25. Rb1 Ne4 26. Nd1 Rd8 27. Ne3
Rb8 28. Nd1 Kc6 29. Rxb2 Rxb2 30. Nxb2 Nc3 31. a3 Nb5 32. a4 Nd4 33. Nd3 Nxc2
34. Ne5+ Kb6 35. Nxf7 Ka5 36. Nd8 Nd4 37. f3 Kxa4 38. Kf2 Kb5 39. Ke3 Kc4 40.
Nb7 Nc6 41. Ke4 Kb4 42. f4 a5 43. Nxa5 Kxa5 44. f5 Kb6 45. fxe6 Ne7 46. Ke5 Kc5
47. g4 Ng6+ 48. Kf5 Kd6 49. h3 Ne7+ 50. Kg5 Kxe6 51. h4 Ke5 52. h5 h6+ 0-1

[Event "World Junior Open 2015"]
[Site "Khanty-Mansiysk RUS"]
[Date "2015.09.02"]
[Round "1.29"]
[White "Tran, Tuan Minh"]
[Black "O'Mahoney, Keegan"]
[Result "1-0"]
[WhiteTitle "IM"]
[WhiteElo "2417"]
[BlackElo "1788"]
[WhiteFideId "12401820"]
[BlackFideId "2506190"]
[EventDate "2015.09.02"]

1. d4 Nf6 2. c4 g6 3. Nc3 d5 4. Bg5 Ne4 5. Bh4 Nxc3 6. bxc3 dxc4 7. e3 Be6 8.
Nf3 Bg7 9. Qb1 b6 10. Ng5 Bd5 11. e4 Bb7 12. Bxc4 O-O 13. Qb3 Qe8 14. O-O Nc6
15. Bb5 Qc8 16. Nf3 Na5 17. Qc2 c6 18. Bd3 Re8 19. Rad1 c5 20. Bb5 Bc6 21. Bxc6
Qxc6 22. d5 Qd6 23. c4 e5 24. Nd2 Nb7 25. a4 Qd7 26. Ra1 Rac8 27. f3 Bh6 28. Qd3
Nd6 29. Bf6 Nb7 30. Nb1 Bg7 31. Bxg7 Kxg7 32. Nc3 Rb8 33. Ra2 Na5 34. Raf2 f6
35. g3 Nc6 36. f4 Rf8 37. Nb5 Nd4 38. Qa3 Ra8 39. Nxd4 exd4 40. e5 fxe5 41. fxe5
Rxf2 42. Rxf2 Qg4 43. Qf3 Qxf3 44. Rxf3 Rf8 45. Rb3 Rb8 46. Kf2 Kf8 47. Rf3+ Ke8
48. e6 Rb7 49. d6 a6 50. d7+ Ke7 51. Rf7+ Kxe6 52. d8=N+ 1-0

[Event "World Junior Open 2015"]
[Site "Khanty-Mansiysk RUS"]
[Date "2015.09.02"]
[Round "1.30"]
[White "Dias, Matheus Nunes"]
[Black "Saiyn, Zhanat"]
[Result "0-1"]
[BlackTitle "IM"]
[WhiteElo "1699"]
[BlackElo "2413"]
[WhiteFideId "2136570"]
[BlackFideId "13703820"]
[EventDate "2015.09.02"]

1. d4 Nf6 2. c4 e6 3. Nc3 Bb4 4. Qc2 O-O 5. a3 Bxc3+ 6. Qxc3 b6 7. Bg5 Bb7 8. f3
c5 9. e3 d6 10. Bd3 Nc6 11. Ne2 Rc8 12. O-O cxd4 13. exd4 Na5 14. b3 Ne4 15.
Bxe4 Qxg5 16. Bxb7 Nxb7 17. Qd3 d5 18. cxd5 Qxd5 19. Qe4 Qd7 20. Rfd1 Rfd8 21.
Rac1 Na5 22. Qd3 Nc6 23. Qe4 h6 24. Rc3 Ne7 25. Rxc8 Qxc8 26. Nf4 Qc3 27. Qd3
Qb2 28. b4 e5 29. Ne2 exd4 30. Qe4 Nf5 31. Nf4 Ne3 32. Qe7 Rc8 33. Qd7 Rc2 34.
Qe8+ Kh7 35. Qe4+ f5 36. Qe6 Rxg2+ 0-1

[Event "World Junior Open 2015"]
[Site "Khanty-Mansiysk RUS"]
[Date "2015.09.02"]
[Round "1.31"]
[White "Korchmar, Vasiliy"]
[Black "Sabirov, Timur"]
[Result "1-0"]
[WhiteTitle "IM"]
[WhiteElo "2409"]
[BlackElo "1665"]
[WhiteFideId "24131750"]
[BlackFideId "44107323"]
[EventDate "2015.09.02"]

1. d4 Nf6 2. c4 c5 3. d5 b5 4. cxb5 a6 5. bxa6 g6 6. Nc3 Bxa6 7. e4 Bxf1 8. Kxf1
d6 9. g3 Bg7 10. Nf3 Nbd7 11. Kg2 O-O 12. a4 Ng4 13. Nd2 Nge5 14. Qe2 Nb6 15. f4
Ned7 16. a5 Nc8 17. Nc4 Nb8 18. h4 e6 19. dxe6 fxe6 20. h5 d5 21. exd5 Re8 22.
hxg6 exd5 23. Qd3 d4 24. Ne5 1-0

[Event "World Junior Open 2015"]
[Site "Khanty-Mansiysk RUS"]
[Date "2015.09.03"]
[Round "2.1"]
[White "Gagare, Shardul"]
[Black "Duda, Jan-Krzysztof"]
[Result "1/2-1/2"]
[WhiteTitle "IM"]
[BlackTitle "GM"]
[WhiteElo "2469"]
[BlackElo "2645"]
[WhiteFideId "5037883"]
[BlackFideId "1170546"]
[EventDate "2015.09.02"]

1. d4 Nf6 2. c4 e6 3. Nf3 Bb4+ 4. Nbd2 b6 5. a3 Bxd2+ 6. Qxd2 Ba6 7. e3 d5 8. b3
c5 9. Bb2 Nbd7 10. Bd3 dxc4 11. bxc4 Bb7 12. Qe2 O-O 13. O-O Qc7 14. Rfe1 Rfd8
15. Rad1 Nf8 16. Ne5 Ng6 17. Nxg6 hxg6 18. f3 Rac8 19. Rc1 Rd7 20. Qf2 Qd8 21.
Rc2 Ne8 22. Bf1 Bc6 23. Rcc1 Qg5 24. h4 Qe7 25. Qg3 Rcd8 26. Rcd1 Nf6 27. Qg5
Kf8 28. Rd2 Nh5 29. Kf2 Nf6 30. Kg1 Nh5 31. Kf2 Nf6 1/2-1/2

[Event "World Junior Open 2015"]
[Site "Khanty-Mansiysk RUS"]
[Date "2015.09.03"]
[Round "2.2"]
[White "Arat, Ufuk Sezen"]
[Black "Grigoryan, Karen H."]
[Result "0-1"]
[WhiteTitle "FM"]
[BlackTitle "GM"]
[WhiteElo "2441"]
[BlackElo "2609"]
[WhiteFideId "6309089"]
[BlackFideId "13301004"]
[EventDate "2015.09.02"]

1. d4 d5 2. c4 c6 3. Nf3 Nf6 4. e3 Bg4 5. Qb3 Qb6 6. Nc3 e6 7. Nh4 Bh5 8. h3 Be7
9. g4 Bg6 10. Nxg6 hxg6 11. g5 Ne4 12. Nxe4 dxe4 13. Qc2 Bxg5 14. Qxe4 Nd7 15.
Bd2 Qxb2 16. Rb1 Qxa2 17. Rxb7 Rc8 18. Bd3 Qa6 19. Rb1 c5 20. d5 e5 21. Qg2 Bh6
22. Ke2 O-O 23. Ra1 Qd6 24. Rxa7 Rb8 25. Rha1 Rb6 26. Ra8 Rfb8 27. Rxb8+ Qxb8
28. Qh1 f5 29. f3 e4 30. fxe4 f4 31. Rb1 Rxb1 32. Bxb1 fxe3 33. Bc3 Qg3 34. Qf1
Bf4 35. Bd3 Be5 36. Be1 Qh2+ 37. Kd1 Qa2 38. Qg1 e2+ 39. Bxe2 Qb3+ 40. Kc1 Bb2+ 0-1

[Event "World Junior Open 2015"]
[Site "Khanty-Mansiysk RUS"]
[Date "2015.09.03"]
[Round "2.3"]
[White "Bok, Benjamin"]
[Black "Barbot, Pierre1"]
[Result "1/2-1/2"]
[WhiteTitle "GM"]
[BlackTitle "FM"]
[WhiteElo "2586"]
[BlackElo "2455"]
[WhiteFideId "1017063"]
[BlackFideId "663727"]
[EventDate "2015.09.02"]

1. e4 c5 2. Nf3 d6 3. d4 cxd4 4. Nxd4 Nf6 5. Nc3 Nc6 6. Bg5 e6 7. Qd2 Be7 8.
O-O-O Nxd4 9. Qxd4 O-O 10. f4 Qa5 11. Bc4 Bd7 12. e5 dxe5 13. fxe5 Bc6 14. Bd2
Nd7 15. Nd5 Qd8 16. Nxe7+ Qxe7 17. Rhe1 Rfd8 18. Qg4 Nf8 19. Bd3 Rxd3 20. cxd3
Qd7 21. Bb4 Qd5 22. Bxf8 Rxf8 23. Kb1 Qxg2 24. Qxg2 Bxg2 25. Rc1 Bc6 26. Rc4 f5
27. exf6 Rxf6 28. Re2 Kf7 29. Kc2 g5 30. Kc3 Rf5 31. h4 g4 32. Rxg4 1/2-1/2

[Event "World Junior Open 2015"]
[Site "Khanty-Mansiysk RUS"]
[Date "2015.09.03"]
[Round "2.4"]
[White "Studer, Noel"]
[Black "Bluebaum, Matthias"]
[Result "1/2-1/2"]
[WhiteTitle "IM"]
[BlackTitle "GM"]
[WhiteElo "2422"]
[BlackElo "2580"]
[WhiteFideId "1319620"]
[BlackFideId "24651516"]
[EventDate "2015.09.02"]

1. e4 e6 2. d4 d5 3. Nd2 c5 4. exd5 Qxd5 5. Ngf3 cxd4 6. Bc4 Qd7 7. O-O Nc6 8.
Nb3 a6 9. Nbxd4 Nxd4 10. Qxd4 Qxd4 11. Nxd4 Nf6 12. Bf4 b5 13. Be2 Bb7 14. c4
bxc4 15. Bxc4 Be7 16. Nb3 O-O 17. Rfd1 Bd5 18. Bxd5 Nxd5 19. Be5 Rfc8 20. Rac1
Bg5 21. Rc5 Rxc5 22. Nxc5 Be7 23. Na4 Rc8 24. Nc3 Nb6 25. Ne2 f6 26. Bd4 Nd5 27.
Rc1 Rxc1+ 28. Nxc1 e5 29. Ba7 Kf7 30. f3 Ke6 31. Nd3 Nb4 32. Nxb4 Bxb4 33. Kf2
f5 34. Ke2 Kd5 35. Be3 Bd6 36. h3 e4 37. Bd2 Be5 38. b3 Kd4 39. fxe4 fxe4 40. g4
Bd6 41. a4 g6 42. Ba5 Be7 43. Bd2 Bd6 44. Ba5 Be7 45. Bd2 Bd6 1/2-1/2

[Event "World Junior Open 2015"]
[Site "Khanty-Mansiysk RUS"]
[Date "2015.09.03"]
[Round "2.5"]
[White "Antipov, Mikhail Al."]
[Black "Laurusas, Tomas"]
[Result "1-0"]
[WhiteTitle "GM"]
[BlackTitle "IM"]
[WhiteElo "2538"]
[BlackElo "2429"]
[WhiteFideId "4107012"]
[BlackFideId "12803731"]
[EventDate "2015.09.02"]

1. e4 c5 2. Nf3 e6 3. b3 d6 4. Bb2 Nf6 5. Nc3 Be7 6. d4 cxd4 7. Nxd4 O-O 8. Be2
Nbd7 9. O-O Nc5 10. Bf3 a6 11. a4 Qc7 12. Re1 Rd8 13. Qe2 Bf8 14. Qe3 e5 15.
Nde2 Be6 16. Red1 Rac8 17. Ng3 g6 18. Nf1 Bd7 19. a5 Bc6 20. Nd2 Bg7 21. Nc4 Ne6
22. Nb6 Rb8 23. Ne2 Nc5 24. Ng3 h5 25. b4 Ne6 26. Ne2 Kh7 27. c4 Bh6 28. Qd3 Ng5
29. Nc3 Qe7 30. b5 Be8 31. Ba3 Qe6 32. h4 Nxf3+ 33. Qxf3 Ng4 34. Rd5 f5 35. Rad1
Qf6 36. g3 Bf8 37. R5d3 axb5 38. cxb5 fxe4 39. Nxe4 Qxf3 40. Rxf3 Bxb5 41. Bxd6
Bxd6 42. Rxd6 Bc6 43. Ng5+ Kh8 44. Rfd3 Rxd6 45. Rxd6 Be8 46. Ne6 e4 47. Rd8
Rxd8 48. Nxd8 e3 49. fxe3 Nxe3 50. Nxb7 Bb5 51. Nd6 Ba6 52. Nd7 Kg7 53. Nc5 Nc4
54. Nxa6 Nxd6 55. Nc7 Kf6 56. a6 Nc8 57. Nb5 Nb6 58. Kg2 g5 59. hxg5+ Kxg5 60.
Kh3 1-0

[Event "World Junior Open 2015"]
[Site "Khanty-Mansiysk RUS"]
[Date "2015.09.03"]
[Round "2.6"]
[White "Loiseau, Quentin"]
[Black "Bai, Jinshi"]
[Result "1/2-1/2"]
[WhiteTitle "IM"]
[BlackTitle "IM"]
[WhiteElo "2419"]
[BlackElo "2519"]
[WhiteFideId "665274"]
[BlackFideId "8602280"]
[EventDate "2015.09.02"]

1. d4 Nf6 2. c4 g6 3. f3 Nc6 4. d5 Ne5 5. e4 d6 6. Nc3 Bg7 7. f4 Ned7 8. Nh3 O-O
9. Nf2 e6 10. Be2 exd5 11. cxd5 Nc5 12. O-O c6 13. dxc6 bxc6 14. Be3 Ncxe4 15.
Ncxe4 Nxe4 16. Nxe4 Re8 17. Bf3 d5 18. Re1 dxe4 19. Qxd8 Rxd8 20. Bxe4 Be6 21.
Bxc6 Rac8 22. Bf3 Bxb2 23. Rad1 a5 24. Rxd8+ Rxd8 25. a4 Rc8 26. Rb1 Bc3 27. Rc1
Bb3 28. Kh1 Be6 29. Be2 Bb4 30. Rxc8+ Bxc8 31. Bb5 Kf8 32. Kg1 Ke7 33. Kf2 Kd6
34. Ke2 Kd5 35. Kf3 Bb7 36. g4 f6 37. h4 Bc5 38. g5 fxg5 39. hxg5 Bxe3 40. Kxe3
Kc5 41. Kd3 Bd5 42. Kc3 Be6 43. Bd3 Bd7 44. Bc4 Bxa4 45. Bg8 Bd7 46. Bxh7 Bf5
47. Bxg6 Bxg6 48. f5 Bxf5 49. g6 a4 50. g7 Be6 51. Kb2 Bg8 52. Ka3 Kb5 53. Kb2
Kb4 54. Kb1 Kb3 55. Ka1 Bh7 56. g8=B+ Bxg8 57. Kb1 Bh7+ 58. Ka1 Bb1 59. Kxb1 a3
60. Ka1 a2 1/2-1/2

[Event "World Junior Open 2015"]
[Site "Khanty-Mansiysk RUS"]
[Date "2015.09.03"]
[Round "2.7"]
[White "Tari, Aryan"]
[Black "Ali Marandi, Cemil Can"]
[Result "1-0"]
[WhiteTitle "IM"]
[BlackTitle "IM"]
[WhiteElo "2518"]
[BlackElo "2422"]
[WhiteFideId "1510045"]
[BlackFideId "6300529"]
[EventDate "2015.09.02"]

1. d4 Nf6 2. c4 g6 3. Nc3 d5 4. cxd5 Nxd5 5. Bd2 Bg7 6. e4 Nxc3 7. Bxc3 O-O 8.
Qd2 c5 9. d5 e6 10. Bc4 Bxc3 11. bxc3 Qf6 12. Nf3 exd5 13. Bxd5 Nc6 14. O-O Bg4
15. Ng5 Rad8 16. Rab1 b6 17. f4 h6 18. Nf3 Bxf3 19. Rxf3 Ne7 20. c4 Nc6 21. Kh1
Rfe8 22. Re1 b5 23. Qf2 Nd4 24. Rh3 bxc4 25. Bxc4 Ne6 26. Rf3 Rd4 27. Qf1 Ng7
28. Bd5 Qe7 29. Rfe3 Kh7 30. Qf2 Nh5 31. Qf3 Nf6 32. Bc6 Red8 33. f5 Qe5 34.
fxg6+ fxg6 35. Ra3 R4d6 36. Rxa7+ Kh8 37. Bb5 Nh7 38. Rf1 Rf6 39. Rxh7+ 1-0

[Event "World Junior Open 2015"]
[Site "Khanty-Mansiysk RUS"]
[Date "2015.09.03"]
[Round "2.8"]
[White "Saiyn, Zhanat"]
[Black "Abasov, Nijat"]
[Result "1/2-1/2"]
[WhiteTitle "IM"]
[BlackTitle "GM"]
[WhiteElo "2413"]
[BlackElo "2511"]
[WhiteFideId "13703820"]
[BlackFideId "13402960"]
[EventDate "2015.09.02"]

1. d4 Nf6 2. c4 e6 3. Nc3 Bb4 4. e3 O-O 5. Bd3 d5 6. Nf3 b6 7. cxd5 exd5 8. Ne5
c5 9. O-O Re8 10. a3 Bxc3 11. bxc3 Ba6 12. Bxa6 Nxa6 13. Qa4 Qc8 14. Bb2 c4 15.
f3 Nc5 16. Qc2 Ncd7 17. Nxd7 Qxd7 18. Rae1 Qc6 19. Re2 Re6 20. Rfe1 Rae8 21. a4
h5 22. Bc1 g6 23. Qd1 R8e7 24. Ba3 Re8 25. Bc1 R8e7 26. Ba3 Re8 27. Bc1 1/2-1/2

[Event "World Junior Open 2015"]
[Site "Khanty-Mansiysk RUS"]
[Date "2015.09.03"]
[Round "2.9"]
[White "Gordievsky, Dmitry"]
[Black "Tran, Tuan Minh"]
[Result "1/2-1/2"]
[WhiteTitle "FM"]
[BlackTitle "IM"]
[WhiteElo "2511"]
[BlackElo "2417"]
[WhiteFideId "24112798"]
[BlackFideId "12401820"]
[EventDate "2015.09.02"]

1. d4 Nf6 2. c4 e6 3. g3 Bb4+ 4. Bd2 Qe7 5. Nf3 Nc6 6. Nc3 Bxc3 7. Bxc3 Ne4 8.
Rc1 O-O 9. Bg2 d6 10. d5 Nxc3 11. Rxc3 Nd8 12. O-O b6 13. dxe6 fxe6 14. b4 a5
15. b5 Rb8 16. Nd4 e5 17. Nc2 Bb7 18. Bd5+ Ne6 19. f4 exf4 20. Bxb7 Rxb7 21. Qd5
Rbb8 22. gxf4 Qf7 23. Rg3 Rbe8 24. Rf2 Kh8 25. Nd4 Qf6 26. Nxe6 Rxe6 27. e4 Rfe8
28. e5 Qf5 29. Qd4 R8e7 30. Qd3 Qxd3 31. Rxd3 dxe5 32. f5 Rd6 33. Rxd6 cxd6 34.
Rd2 Rd7 35. Kf2 Kg8 36. Ke3 Kf7 37. Ke4 Ke7 38. Rg2 Kf6 39. Rd2 Ke7 40. Rg2 Kf6
41. Rd2 Ke7 1/2-1/2

[Event "World Junior Open 2015"]
[Site "Khanty-Mansiysk RUS"]
[Date "2015.09.03"]
[Round "2.11"]
[White "Makhnyov, Denis"]
[Black "Georgiadis, Nico"]
[Result "1/2-1/2"]
[WhiteTitle "FM"]
[BlackTitle "IM"]
[WhiteElo "2358"]
[BlackElo "2484"]
[WhiteFideId "13707647"]
[BlackFideId "1300113"]
[EventDate "2015.09.02"]

1. d4 Nf6 2. c4 b6 3. g3 Bb7 4. Nf3 g6 5. Bg2 Bg7 6. O-O O-O 7. Qc2 c5 8. dxc5
bxc5 9. Be3 d6 10. Rd1 Qc8 11. Nc3 Nc6 12. Rac1 Ng4 13. Qd2 Nxe3 14. Qxe3 Rd8
15. b3 Qd7 16. Qd3 Rab8 17. e3 Nb4 18. Qe2 e6 19. Na4 Qe7 20. Ne1 Bxg2 21. Kxg2
Qb7+ 22. Kg1 Qc6 23. Nd3 Nxd3 24. Rxd3 h5 25. Qf1 Bf6 26. Qg2 Qxg2+ 27. Kxg2 Kf8 1/2-1/2

[Event "World Junior Open 2015"]
[Site "Khanty-Mansiysk RUS"]
[Date "2015.09.03"]
[Round "2.12"]
[White "Yuffa, Daniil"]
[Black "Carneiro, Vitor Roberto Castro"]
[Result "1-0"]
[WhiteTitle "IM"]
[BlackTitle "CM"]
[WhiteElo "2476"]
[BlackElo "2405"]
[WhiteFideId "24131423"]
[BlackFideId "2130106"]
[EventDate "2015.09.02"]

1. d4 Nf6 2. c4 g6 3. Nc3 Bg7 4. e4 d6 5. Nf3 O-O 6. Be2 e5 7. O-O Nc6 8. d5 Ne7
9. Nd2 Nd7 10. b4 f5 11. c5 Nf6 12. f3 f4 13. Nc4 g5 14. a4 Ng6 15. Ba3 Rf7 16.
b5 dxc5 17. Bxc5 Bf8 18. Bxf8 Qxf8 19. Rc1 h5 20. d6 Be6 21. dxc7 Rxc7 22. Qd6
Qxd6 23. Nxd6 Rd8 24. Nd5 Nxd5 25. exd5 Rxc1 26. Rxc1 Bxd5 27. Rc8 Rxc8 28. Nxc8
b6 29. Bd3 e4 30. Bxe4 Bxe4 31. fxe4 Ne5 32. Nxa7 Nc4 33. Nc6 Kf7 34. Kf2 g4 35.
Nb4 Nd2 36. Nd5 Nxe4+ 37. Kg1 h4 38. Nxb6 Nc3 39. Nc4 Nxa4 40. Ne5+ Ke6 41. Nxg4
Kd6 42. Kf2 Nc3 43. h3 Nxb5 44. Kf3 Nd4+ 45. Kxf4 Nc2 46. Nh6 Ke6 47. Nf5 Kf6
48. Nxh4 Ne1 49. Ke3 Nc2+ 50. Ke4 Na1 51. Nf3 Nb3 52. g4 Nc5+ 53. Kf4 Ne6+ 54.
Kg3 Kg6 55. h4 Ng7 56. Kf4 Ne6+ 57. Ke5 Ng7 58. Nd4 Nh5 59. gxh5+ 1-0

[Event "World Junior Open 2015"]
[Site "Khanty-Mansiysk RUS"]
[Date "2015.09.03"]
[Round "2.13"]
[White "Vokhidov, Shamsiddin"]
[Black "Sunilduth Lyna, Narayanan"]
[Result "0-1"]
[BlackTitle "IM"]
[WhiteElo "2292"]
[BlackElo "2473"]
[WhiteFideId "14204223"]
[BlackFideId "5058422"]
[EventDate "2015.09.02"]

1. e4 c6 2. d4 d5 3. e5 Bf5 4. h4 Qc7 5. c4 e6 6. Nc3 h6 7. Be3 Bb4 8. Qb3 Ba5
9. c5 b6 10. Qa3 bxc5 11. dxc5 Qd8 12. Nf3 Ne7 13. b4 Bc7 14. Bd4 O-O 15. Ba6
Nxa6 16. Qxa6 Be4 17. O-O-O Nf5 18. Nxe4 dxe4 19. Bc3 Qb8 20. g4 exf3 21. gxf5
Bxe5 22. Bd2 exf5 23. a3 Bf6 24. Rhe1 Qh2 25. Qxc6 Qxf2 26. Re3 Qxh4 27. Qxf3 a5
28. Kb1 axb4 29. Bxb4 Rfb8 30. Rb3 Qc4 31. Qd5 Qa6 32. Rdd3 Qe6 33. Qxe6 fxe6
34. Rd6 e5 35. Rb6 Rc8 36. Rg3 f4 37. Rg1 Kh7 38. c6 e4 39. Rg4 f3 40. Rxe4 f2
41. Rf4 Bd4 42. Rb7 Rxc6 43. Rf3 Rf6 0-1

[Event "World Junior Open 2015"]
[Site "Khanty-Mansiysk RUS"]
[Date "2015.09.03"]
[Round "2.14"]
[White "Van Foreest, Jorden"]
[Black "Menezes, Christoph"]
[Result "1-0"]
[WhiteTitle "IM"]
[BlackTitle "FM"]
[WhiteElo "2541"]
[BlackElo "2364"]
[WhiteFideId "1039784"]
[BlackFideId "1617001"]
[EventDate "2015.09.02"]

1. e4 c5 2. Nf3 e6 3. d4 cxd4 4. Nxd4 Nc6 5. Nc3 Qc7 6. Be2 a6 7. O-O Nf6 8. Be3
Be7 9. f4 d6 10. Kh1 O-O 11. Qe1 Nxd4 12. Bxd4 b5 13. Qg3 Bb7 14. a3 Bc6 15.
Rae1 Qb7 16. Bd3 a5 17. Nd1 Rad8 18. Ne3 Bxe4 19. Ng4 Nh5 20. Nh6+ Kh8 21. Bxg7+
Nxg7 22. Bxe4 d5 23. Bxh7 Kxh7 24. Qh3 d4 25. Nxf7+ Kg8 26. Nh6+ Kh7 27. Nf5+
Kg8 28. Nxg7 Kxg7 29. Qg4+ 1-0

[Event "World Junior Open 2015"]
[Site "Khanty-Mansiysk RUS"]
[Date "2015.09.03"]
[Round "2.15"]
[White "Beradze, Irakli"]
[Black "Rambaldi, Francesco"]
[Result "0-1"]
[BlackTitle "IM"]
[WhiteElo "2380"]
[BlackElo "2540"]
[WhiteFideId "13604597"]
[BlackFideId "20657307"]
[EventDate "2015.09.02"]

1. d4 Nf6 2. c4 e6 3. Nf3 d5 4. Nc3 Bb4 5. cxd5 exd5 6. Bg5 Qd6 7. e3 Ne4 8. Qc2
Nxg5 9. Nxg5 c6 10. Bd3 h6 11. Nf3 Be6 12. O-O Nd7 13. Rfc1 Qe7 14. a3 Bd6 15.
Re1 O-O 16. e4 dxe4 17. Bxe4 Nf6 18. d5 Nxe4 19. dxe6 Nxc3 20. exf7+ Qxf7 21.
Qxc3 Bc7 22. Rad1 Rfe8 23. h4 Bb6 24. Qb4 Qf5 25. Re7 Rxe7 26. Qxe7 Rf8 27. Qe2
Kh8 28. Rd6 Qg4 29. Re6 Qf4 30. Re8 Rxe8 31. Qxe8+ Kh7 32. Qe2 Qf5 33. g3 Bd8
34. Kh2 Bf6 35. Ne1 Qe5 36. Qc2+ Kh8 37. Nd3 Qe4 38. Qd2 b6 39. Nf4 Be5 40. Qd8+
Kh7 41. Qe8 Qf5 42. Qxc6 Bxf4 43. Qf3 Bxg3+ 44. Qxg3 a5 45. a4 Qe4 46. b3 Qd4
47. Kh3 Kg8 48. Qf3 Qd7+ 49. Kh2 Qd6+ 50. Kh3 Qe6+ 51. Kh2 Qf7 52. Qa8+ Kh7 53.
Qe4+ Qg6 54. Qf3 Qd6+ 55. Kh3 Qe6+ 56. Kg3 Kg6 57. Qd3+ Kf7 58. Qf3+ Ke8 59. Qc3
Kf7 60. Qc7+ Kf6 61. Qf4+ Kg6 62. Qf3 Qe5+ 63. Kg2 Qf5 64. Qg3+ Kh5 65. Kf1 Qb1+
66. Kg2 Qe4+ 67. Kf1 Qh1+ 68. Ke2 Qxh4 69. Qe3 Qf6 70. Qh3+ Kg6 71. Qg4+ Kh7 72.
Kf1 Qg6 73. Qc4 h5 74. Qh4 Qg4 75. Qd8 Qh3+ 0-1